[Event "CRO-chT3 Center-A"]
[Site "Zagreb"]
[Date "2011.10.16"]
[Round "8.31"]
[White "Medic, Mirjana"]
[Black "Bacurin, Juraj"]
[Result "1/2-1/2"]
[WhiteElo "2271"]
[BlackElo "2108"]
[PlyCount "37"]
[EventDate "2011.03.13"]
[EventType "team-tourn"]
[EventRounds "11"]
[EventCountry "CRO"]
[SourceTitle "EXT 2014"]
[Source "ChessBase"]
[SourceDate "2013.11.20"]
[SourceVersion "1"]
[SourceVersionDate "2013.11.20"]
[SourceQuality "1"]

1. d4 Nf6 2. c4 e5 3. dxe5 Ng4 4. Nf3 Nc6 5. Bf4 Bb4+ 6. Nbd2 Qe7 7. e3 Ngxe5 8. Nxe5 Nxe5 9. a3 Bxd2+ 10. Qxd2 d6 11. Be2 0-0 12. Rc1 b6 13. Qc3 Bb7 14. 0-0 Rfe8 15. Bg3 a5 16. Bxe5 Qxe5 17. Qxe5 Rxe5 18. Rfd1 Rae8 19. Rc3 1/2-1/2

[Event "CRO-chT3 Center-A"]
[Site "Zagreb"]
[Date "2011.04.03"]
[Round "4.11"]
[White "Ivekovic, Mario"]
[Black "Bacurin, Juraj"]
[Result "1/2-1/2"]
[WhiteElo "2220"]
[BlackElo "2108"]
[PlyCount "54"]
[EventDate "2011.03.13"]
[EventType "team-tourn"]
[EventRounds "11"]
[EventCountry "CRO"]
[SourceTitle "EXT 2014"]
[Source "ChessBase"]
[SourceDate "2013.11.20"]
[SourceVersion "1"]
[SourceVersionDate "2013.11.20"]
[SourceQuality "1"]

1. e4 c5 2. g3 d6 3. Bg2 Nf6 4. Ne2 g6 5. c3 Bg7 6. d4 0-0 7. 0-0 Nc6 8. h3 Qc7 9. Be3 b6 10. Na3 Ba6 11. Qd2 Rad8 12. Rac1 e5 13. d5 Bxe2 14. Qxe2 Ne7 15. b4 Qd7 16. Qb5 Nh5 17. Qxd7 Rxd7 18. Bf3 f5 19. Bxh5 gxh5 20. f3 f4 21. Bf2 fxg3 22. Bxg3 Bh6 23. Rc2 Ng6 24. bxc5 bxc5 25. Nc4 Rf6 26. Rb2 Bf4 27. Rb8+ Kf7 1/2-1/2

[Event "CRO-chT3 Center-A"]
[Site "Zagreb"]
[Date "2011.03.27"]
[Round "3.61"]
[White "Macek, Vlasta"]
[Black "Bacurin, Juraj"]
[Result "1-0"]
[WhiteElo "2215"]
[BlackElo "2108"]
[PlyCount "139"]
[EventDate "2011.03.13"]
[EventType "team-tourn"]
[EventRounds "11"]
[EventCountry "CRO"]
[SourceTitle "EXT 2014"]
[Source "ChessBase"]
[SourceDate "2013.11.20"]
[SourceVersion "1"]
[SourceVersionDate "2013.11.20"]
[SourceQuality "1"]

1. d4 Nf6 2. Nf3 g6 3. g3 Bg7 4. Bg2 0-0 5. 0-0 d6 6. c4 Nc6 7. d5 Na5 8. Nfd2 c5 9. Nc3 Ng4 10. Qc2 Bd7 11. Rb1 Qc8 12. b3 Rb8 13. Bb2 b6 14. Rbe1 Nb7 15. e4 a6 16. Nd1 f6 17. f3 Nh6 18. Nf2 b5 19. Nd3 Na5 20. Bc3 bxc4 21. bxc4 Qc7 22. Rb1 e5 23. dxe6 Bxe6 24. Nf4 Bf7 25. Nd5 Bxd5 26. cxd5 f5 27. Bxa5 Qxa5 28. Nc4 Bd4+ 29. Kh1 Qc7 30. exf5 Nxf5 31. Bh3 Kg7 32. Rxb8 Qxb8 33. Rb1 Qc7 34. Qe4 Qf7 35. Bxf5 gxf5 36. Qf4 Qxd5 37. Nxd6 Kg6 38. g4 Qe5 39. gxf5+ Kg7 40. Rb7+ Kh8 41. Qxe5+ Bxe5 42. Nf7+ Kg8 43. Nxe5 Rxf5 44. Ng4 Rxf3 45. Kg2 Rc3 46. Nf6+ Kf8 47. Nxh7+ Kg8 48. Nf6+ Kf8 49. h4 Rc2+ 50. Kg3 Rxa2 51. Nd7+ Kg7 52. Nxc5+ Kh6 53. Rb6+ Kh5 54. Rxa6 Rc2 55. Ne4 Rc3+ 56. Kf4 Rc4 57. Ra8 Kg6 58. Rg8+ Kh6 59. Rg5 Rc1 60. Kg4 Ra1 61. Re5 Ra4 62. Re6+ Kg7 63. h5 Kf7 64. Re5 Kg7 65. Kg5 Ra1 66. h6+ Kf7 67. Nd6+ Kg8 68. Kg6 Rg1+ 69. Rg5 Rd1 70. h7+ 1-0

[Event "CRO-chT3"]
[Site "Zagreb"]
[Date "2008.04.13"]
[Round "3"]
[White "Damjanovic, Mato"]
[Black "Bacurin, Juraj"]
[Result "1-0"]
[WhiteElo "2299"]
[BlackElo "2127"]
[PlyCount "89"]
[EventDate "2008.03.30"]
[EventType "team-tourn"]
[EventRounds "9"]
[EventCountry "CRO"]
[SourceTitle "EXT 2011"]
[Source "ChessBase"]
[SourceDate "2010.11.26"]
[SourceVersion "1"]
[SourceVersionDate "2010.11.26"]
[SourceQuality "1"]

1. e4 c5 2. Nf3 d6 3. d4 cxd4 4. Nxd4 Nf6 5. Nc3 a6 6. Bg5 e6 7. Qd2 Be7 8. f3 Qc7 9. 0-0-0 Bd7 10. Kb1 Nc6 11. Bxf6 Bxf6 12. Nxc6 Qxc6 13. Qxd6 Qxd6 14. Rxd6 Rc8 15. Rd3 Ke7 16. Be2 Rc7 17. f4 Bxc3 18. Rxc3 Rxc3 19. bxc3 Bc6 20. Bd3 b5 21. Re1 Rd8 22. Kb2 Kd6 23. c4 Kc5 24. cxb5 axb5 25. a3 Rd7 26. g4 Kd4 27. e5 g6 28. g5 Ra7 29. Be2 Kc5 30. c3 Ra4 31. Rf1 Re4 32. Rf2 Bd5 33. Kc2 Bc4 34. Bd1 Re3 35. Rf3 Re4 36. Kd2 Kd5 37. Rf2 Kc5 38. Bc2 Kd5 39. h4 Ba2 40. Bxe4+ Kxe4 41. Re2+ Kf3 42. Re3+ Kg4 43. Kd3 Kxf4 44. Re4+ Kg3 45. Rb4 1-0